La enfermedad y la cura : conceptos de una medicina diferente /
Revisión histórica y antropológica sobre cómo se ha entendido y tratado la enfermedad a lo largo de distintas culturas y épocas históricas. Se abordan doce sistemas médicos, entre ellos, la homeopatía, la medicina tradicional china, la hindú, la monástica medieval, la antroposófica, la microbiótica,...
Guardat en:
| Autor principal: | |
|---|---|
| Format: | Llibre |
| Idioma: | espanyol |
| Publicat: |
México :
Fondo de Cultura Económica,
2015, c2015
|
| Col·lecció: | (Sección de Obras de Ciencia y Tecnología)
|
| Matèries: | |
| Etiquetes: |
Sense etiquetes, Sigues el primer a etiquetar aquest registre!
|
MARC
| LEADER | 00000nam^a2200000^a^4500 | ||
|---|---|---|---|
| 001 | 000358965 | ||
| 005 | 20250521000000.0 | ||
| 009 | 20260310115343.518 | ||
| 020 | |a 978-607-16-2238-9 | ||
| 037 | |a Acervo ITESO - Biblioteca | ||
| 041 | |a ESP | ||
| 082 | |a 615. 53 |b KER | ||
| 100 | |a Kerckhoff, Annette |e (autor) | ||
| 245 | 1 | 3 | |a La enfermedad y la cura : |b conceptos de una medicina diferente / |c A. Kerckhoff ; tr. por Eduard Urbanek. |
| 264 | 4 | |a México : |b Fondo de Cultura Económica, |c 2015, c2015 | |
| 300 | |a 298 p. | ||
| 336 | |a texto |b txt |2 rdacontenido | ||
| 337 | |a sin mediación |b n |2 rdamedio | ||
| 338 | |a volumen |b nc |2 rdasoporte | ||
| 440 | 1 | |a (Sección de Obras de Ciencia y Tecnología) | |
| 500 | |a Traducción de: Warum krank? Wie heilen? Konzepte einer Anderen Medizin | ||
| 520 | |a Revisión histórica y antropológica sobre cómo se ha entendido y tratado la enfermedad a lo largo de distintas culturas y épocas históricas. Se abordan doce sistemas médicos, entre ellos, la homeopatía, la medicina tradicional china, la hindú, la monástica medieval, la antroposófica, la microbiótica, la naturalista, así como los sistemas hipocráticos, galénicos, y paracélsico. | ||
| 586 | |a Doctores de la Iglesia: Nombramientos de 2005-2013 (Benedicto XVI): Biografías, crítica e interpretación | ||
| 649 | |a XX | ||
| 650 | |a Médicos Griegos | ||
| 650 | |a Médicos Alemanes | ||
| 650 | |a Monjas Alemanas | ||
| 650 | |a Religiosos Alemanes | ||
| 650 | |a Mujeres Alemanas | ||
| 650 | |a Enfermedades - |x Tratamiento - |x Historia - |x Tema Principal | ||
| 650 | |a Homeopatía - |x Historia | ||
| 650 | |a Terapéutica - |x Tema Principal | ||
| 650 | |a Patología - |x Historia | ||
| 650 | |a Medicina Naturista - |x Historia | ||
| 650 | |a Medicina Alternativa - |x Historia | ||
| 650 | |a Medicina Antigua - |z Roma | ||
| 650 | |a Medicina Antigua - |z Grecia | ||
| 650 | |a Medicina China Tradicional | ||
| 650 | |a Medicina Medieval | ||
| 650 | |a Medicina - |z Alemania - |x Historia | ||
| 650 | |a Medicina - |z Europa - |x Historia | ||
| 650 | |a Medicina - |x Historia | ||
| 650 | |a Ciencias Médicas | ||
| 650 | |a Hipócrates | ||
| 650 | |a Galeno | ||
| 650 | |a Hahnemann, Samuel | ||
| 650 | |a Hufeland, Christoph Wilhelm | ||
| 650 | |a Wegman, Ita | ||
| 600 | |a Hildegarda von Bingen, |c Santa | ||
| 600 | |a Paracelso | ||
| 910 | |a Fondo General | ||
| 920 | |a Impresos - Libros | ||
| 930 | |a Colección General | ||
| 905 | |a 101 | ||
| 901 | |a 0500251831 |b IT1 |c ACC |i D72374 |u 20250521 | ||
| 902 | |a https://opac.biblio.iteso.mx/vufind/Record/000358965 | ||